000 00282nam a2200109Ia 4500
100 _aRao, Parimala V.
245 0 _aFoundations of Tilak’s Nationalism
264 _bOrient Blackswan
_c2010
300 _a361
942 _cIR
999 _c120739
_d120739